Sumario de la doctrina católica en cuadros sinópticos para servir en las instrucciones parroquiales...

Detalles Bibliográficos
Autor principal: SILVANO, (Monseñor)
Formato: Libro
Publicado: Barcelona 1918
Materias:
Colección:Banco de datos
Acervo:Biblioteca del Convento de San Pablo. Yuririahupándaro. Guanajuato
Descripción Física:1a. parte
Tema general:Pastoral
Notas:Buena. Ex libris de la Librería del Sagrado Corazón. 2O1, 35.
LEADER 00804nam a22002050004500
035 |a 37111 
036 |a 2752 
100 1 |a SILVANO, (Monseñor) 
245 1 0 |a Sumario de la doctrina católica en cuadros sinópticos para servir en las instrucciones parroquiales...  |c Juan B. Codina y Formosa tr. 
260 |a Barcelona  |b Herederos de Juan Gili imp.  |c 1918 
300 |a 1a. parte 
500 |a Buena. Ex libris de la Librería del Sagrado Corazón. 2O1, 35. 
650 1 0 |a Pastoral 
949 |a CRG-CY 
959 |a Ex convento de San Pablo, Museo Regional de Yuririahpúndaro, Guanajuato  |b CCC9 
960 |a Convento San Pablo Yuririahpúndaro, Guanajuato  |b DD86 
961 |a Agustina  |b OA 
942 |c CRG-CY 
943 |g Biblioteca del Convento de San Pablo. Yuririahupándaro. Guanajuato 
999 |c 957777  |d 957777